Normal view
MARC view
- Patil Ruta
Entry Personal Name
001 - CONTROL NUMBER
- control field: 184203
003 - CONTROL NUMBER IDENTIFIER
- control field: OSt
005 - DATE AND TIME OF LATEST TRANSACTION
- control field: 20230605085113.0
008 - FIXED-LENGTH DATA ELEMENTS
- fixed length control field: 230605|| aca||aabn | a|a d
040 ## - CATALOGING SOURCE
- Original cataloging agency: OSt
- Transcribing agency: OSt
100 ## - HEADING--PERSONAL NAME
- Personal name: Patil Ruta
670 ## - SOURCE DATA FOUND
- Source citation: Work cat.: (OSt)161811: Patil Ruta, Healing The Landfills For Communities Landscape Planning And Strategies For Buffer Zones For Mitigating TheEffect Of Ongoing Landfill Site At Urali Devachi Pune, 2022